LEADER 00999cam0-2200325 --450 001 9910491752803321 005 20210826120545.0 010 $a978-88-336-4245-1 100 $a20210826d2020----km y0itay50 ba 101 0 $aita 102 $aIT 105 $ay 001yy 200 1 $a2 agosto 1980 ore 10,25$fComune di Bologna 205 $aRistampa aggiornata 210 $a[Bologna]$cPendragon$d2020 215 $a[88] carte$cin gran parte illustrato$d23 cm 300 $aCon scritti di Michelangelo Antonioni e Alberto Moravia 517 1 $aDue agosto millenovecentottanta, ore 10,25 610 0 $aStragi$aBologna$a1980$aFotografie 676 $a364.15230945411$v23$zita 702 1$aMoravia,$bAlberto 702 1$aAntonioni,$bMichelangelo 710 02$aBologna$0254748 801 0$aIT$bUNINA$gREICAT$2UNIMARC 901 $aBK 912 $a9910491752803321 952 $aXIV M 390$b1734/2021$fFSPBC 959 $aFSPBC 996 $a2 agosto 1980 ore 10,25$91864194 997 $aUNINA LEADER 01817nam0 22003131i 450 001 UON00259774 005 20231205103707.312 100 $a20041221d1839 |0itac50 ba 101 $ager 102 $aDE 105 $a|||| ||||| 200 1 $aUber die Kawi-Sprache auf der Insel Java$enebst einer Einleitung uber die Verschiedenheit des menschlichen Sprachbaues und ihren Einflufs auf die geistige Entwickelung des Menschengeschlechts. 3.: Sudsee-Sprachen, als ostlicher Zweig des Malayischen Sprachstammes $fvon Wilhelm von Humboldt 205 $aBerlin : Koniglichen Akademie der Wissenschaften$b1839 210 $a[1 v. in 3 T.]$a26 cm 215 $aEsemplare in fotocopia 316 $aIN FOTOCOPIA$5IT-UONSI GLOTTC 8III/023/1 316 $aIN FOTOCOPIA$5IT-UONSI GLOTTC 8III/023/2 316 $aIN FOTOCOPIA$5IT-UONSI GLOTTC 8III/023/3 423 1$1001UON00374042$12001 $aˆ3: ‰Sudsee-Sprachen, als ostlicher Zweig des Malayischen Sprachstammes 620 $aDE$dBerlin$3UONL003157 700 1$aHumboldt$bWilhelm : von$3UONV057014$00 712 $aKoniglichen Akademie der Wissenschaften$3UONV257881$4650 801 $aIT$bSOL$c20251121$gRICA 912 $aUON00259774 950 $aSIBA - SISTEMA BIBLIOTECARIO DI ATENEO$dSI GLOTT C 8 III 023/1 $eSI MC 28880 5 023/1 IN FOTOCOPIA 950 $aSIBA - SISTEMA BIBLIOTECARIO DI ATENEO$dSI GLOTT C 8 III 023/2 $eSI MC 28881 5 023/2 IN FOTOCOPIA 950 $aSIBA - SISTEMA BIBLIOTECARIO DI ATENEO$dSI GLOTT C 8 III 023/3 $eSI MC 28882 5 023/3 IN FOTOCOPIA 996 $aUber die Kawi-Sprache auf der Insel Java$91238133 997 $aUNIOR